000 00625nam a22002057a 4500
005 20251108174936.0
008 250721s2008 xx 000 0 ara d
082 1 4 _a923.2/خضر
100 1 _aخضر، هشام
_eمؤلف
245 1 0 _aمانديلا سجين الحرية والأستقلال /
264 1 _aالجيزة :
_bدار مشارق للنشر والتوزيع،
_c2008.
300 _a184ص.
600 0 7 _aنيلسون مانديلا
650 1 7 _aالسياسيون
650 1 7 _aالحرية
650 1 7 _aجنوب إفريقيا
650 1 7 _aالتراجم
942 _2ddc
_cBK
999 _c122102
_d122102